| 000 | 01222cam a2200277 a 4500 | ||
|---|---|---|---|
| 001 | 000001465 | ||
| 005 | 20200929145604.0 | ||
| 008 | 951024s1995 vc a bc 001 0 ita d | ||
| 020 | _a8880160818 | ||
| 040 |
_aDO-SdBNP _cNN _dIU _dPPiU _dDLC |
||
| 043 | _ae-vc--- | ||
| 082 |
_a264.02009 _bB582L |
||
| 110 | 2 |
_aBiblioteca Apostolica Vaticana. _94856 |
|
| 245 | 1 | 0 |
_aLiturgia in figura : _bcodici liturgici rinascimentali della Biblioteca Apostolica Vaticana / _ca cargo de Giovanni Morello y Silvia Maddalo. |
| 260 |
_aCiudad del Vaticano : _bBiblioteca Apostolica Vaticana ; _aRoma : _bDe Luca, _c1995. |
||
| 300 |
_a355 p. : _bil. ; _c32 cm. |
||
| 500 | _aAt head of title: Ministero per i beni culturali e ambientali, Ufficio centrale per i beni librari e gli istituti culturali; Bibioteca Apostolica Vaticana. | ||
| 500 | _aCatálogo de exhibición. | ||
| 504 | _aIncluye referencias bibliográficas (p. 345-354) e índices. | ||
| 610 | 2 | 0 |
_aIGLESIA CATÓLICA _xLITURGIA _94857 |
| 650 | 4 |
_aLiturgia _94858 |
|
| 700 | 1 |
_aMorello, Giovanni. _94859 |
|
| 700 | 1 |
_aMaddalo, Silvia. _94860 |
|
| 710 | 1 |
_aItalia. _bUfficio centrale per i beni librari e gli istituti culturali. _93586 |
|
| 910 | _aCatalogación por copia / LC | ||
| 999 |
_c1375 _d1375 |
||